00713pam a2200205 a 4500001000800000005001700008008004100025020002800066020002500094040001800119082002000137245008600157260006800243300001300311650001100324650001100335700002900346856006600375856006600441497882520231204051530.0980127s1998 ii a b 001 0 eng  a8170367034 (India : HB) a0761992480 (US : HB) aDLCcDLCdDLC00a305.48/965422100aWidows in India :bsocial neglect and public action /ceditor, Martha Alter Chen. aNew Delhi ;aThousand Oaks, Calif. :bSage Publications,c1998. a455 p. : 0aWidows 0aWidows1 aChen, Martha Alter.eedt41uhttp://www.loc.gov/catdir/enhancements/fy0657/98011272-t.html42uhttp://www.loc.gov/catdir/enhancements/fy0660/98011272-d.html